В погоне за металлическим водородом; Химия и жизнь - XXI век; № 1

Detaylı Bibliyografya
Parent link:Химия и жизнь - XXI век: научно-популярный журнал/ ИнформНаука.— , 1996-
№ 1.— 2003.— С. 8-10
Yazar: Благутина В.
Dil:Rusça
Baskı/Yayın Bilgisi: 2003
Seri Bilgileri:Элемент №
Konular:
Materyal Türü: MixedMaterials Kitap Bölümü
KOHA link:https://koha.lib.tpu.ru/cgi-bin/koha/opac-detail.pl?biblionumber=384440

MARC

LEADER 00000naa2a2200000 4500
001 384440
005 20231101063240.0
035 |a (RuTPU)RU\TPU\prd\11082 
090 |a 384440 
100 |a 20030227a2003 k y0rusy50 ca 
101 0 |a rus 
102 |a RU 
200 1 |a В погоне за металлическим водородом  |f В. Благутина 
225 1 |a Элемент № 
461 1 |0 (RuTPU)RU\TPU\prd\1643  |t Химия и жизнь - XXI век  |o научно-популярный журнал  |f ИнформНаука  |d 1996- 
463 1 |0 (RuTPU)RU\TPU\prd\11060  |t № 1  |v С. 8-10  |d 2003 
610 1 |a водород 
610 1 |a металлический водород 
610 1 |a алмазная наковальня 
700 1 |a Благутина  |b В. 
801 1 |a RU  |b 63413507  |c 20030227  |g PSBO 
801 2 |a RU  |b 63413507  |c 20120903  |g RCR 
942 |c BK